| 000 | 00657nam a2200181Ia 4500 | ||
|---|---|---|---|
| 008 | 090124s9999 xx 000 0 und d | ||
| 082 | _b130279 | ||
| 100 | _aपाध्ये भाऊ ( प्रभाकर नारायण ) | ||
| 245 | _a होमसिक ब्रिगेड | ||
| 250 | _a2 | ||
| 260 | _c2001 | ||
| 300 | _a144 | ||
| 600 | _aपाध्ये भाऊ ( प्रभाकर नारायण ) | ||
| 630 | _a होमसिक ब्रिगेड | ||
| 700 | _aपाध्ये भाऊ ( प्रभाकर नारायण ) | ||
| 730 | _a होमसिक ब्रिगेड | ||
| 942 | _cBOOK | ||
| 999 |
_c176368 _d176368 |
||